|
|
|
|
| LEADER |
00000cam a2200000 7i4500 |
| 001 |
0000001954 |
| 005 |
20020715.0 |
| 020 |
0 |
0 |
|a 991710337
|
| 090 |
0 |
0 |
|a R634.9095955
|b FOR 1999
|
| 245 |
0 |
0 |
|a FORESTS and trees of Brunei Darssalam
|c edited by K. M. Wong and A. S. Kamariah with photographs by K. M. Wong ... (et al.)
|
| 260 |
0 |
0 |
|a Brunei Darussalam :
|b University of Brunei Darussalam; Brunei Forestry Department, Brunei Shell Petroleum Co. Sdn. Bhd. ,
|c 1999
|
| 300 |
|
|
|a 109 p. :
|b col. photos. ;
|c 21 cm.
|
| 500 |
0 |
0 |
|a Includes bibliography : p. 96-98 and index
|
| 650 |
0 |
0 |
|a Forest ecology
|z Brunei
|
| 650 |
0 |
0 |
|a Forests and forestry
|z Brunei
|
| 650 |
0 |
0 |
|a Rain forests
|z Brunei
|
| 700 |
0 |
1 |
|a Kamariah
|h A. S.
|
| 700 |
0 |
1 |
|a Wong
|h K. M. (Khoon Meng)
|
| 998 |
|
|
|a JPSM
|
| 999 |
|
|
|a 0000003292
|b Monograph
|c Reference
|e Default branch
|